|
|
|
|
| LEADER |
00000cam a2200000 a 4500 |
| 001 |
vtls001115949 |
| 003 |
SK-MaSNL |
| 005 |
20260301055345.0 |
| 008 |
240318s1979 xo 00000 slo |
| 015 |
|
|
|a SNBA1979
|
| 035 |
|
|
|a SNK000058792
|
| 040 |
|
|
|a SNK
|b slo
|c SNK
|e AACR2
|
| 041 |
0 |
|
|a slo
|
| 044 |
|
|
|a xo
|c SK
|
| 080 |
|
|
|a 51(075.8)
|2 1981
|
| 100 |
1 |
|
|a Žilinková, Júlia,
|d 1919-2003
|4 aut
|9 49262
|
| 245 |
1 |
0 |
|a Základné požiadavky z matematiky pre štúdium na VŠE
|c Júlia Žilinková, Anna Reháková
|
| 250 |
|
|
|a 1. vyd.
|
| 260 |
|
|
|a Bratislava
|b Vysoká škola ekonomická
|c 1979
|
| 300 |
|
|
|a 181 s., 12,014 AH
|b sch.
|c 29 cm
|
| 366 |
|
|
|e 5000 výt.
|
| 490 |
1 |
|
|a Vysokoškolské skriptá
|
| 504 |
|
|
|a Bibliogr. Zozn. použ. symbolov
|
| 650 |
0 |
7 |
|a matematika
|2 SNKPH
|9 70174
|
| 655 |
|
7 |
|a učebnice vysokých škôl
|2 SNKPH
|9 70191
|
| 700 |
1 |
|
|a Reháková, Anna
|4 aut
|9 16869
|
| 830 |
|
0 |
|a Vysokoškolské skriptá
|9 276440
|
| 958 |
|
|
|a OND
|
| 958 |
|
|
|a TL
|
| 958 |
|
|
|a UV
|
| 999 |
|
|
|c 613174
|d 615104
|
| 952 |
|
|
|a SNK
|b SNK
|y PREZ
|7 0
|o snkSB 28138
|i snkKSP 329-98/79
|0 0
|1 0
|4 0
|d 2014-09-22
|l 0
|r 2026-02-23 16:29:36
|w 2026-02-23
|